00382nam a2200157Ia 4500003000400000005001700004008004100021020001800062040000900080082001700089100001600106245005800122250001200180260002300192300000900215OSt20200123135050.0190216s9999||||xx |||||||||||||| ||und|| a9788120344204 coclc a651.7bKON/C1 aKonar, Nira 0aCommunication Skills For Professionals /cKonar, Nira a2nd Edn bPHI Learningc2009 a204p